Kľúčové momenty vývoja a súčasná podoba medzinárodného morského práva

Definícia medzinárodného morského práva (MMP). Identifikácia kľúčových momentov vývoja MMP, najpodstatnejšie črty jeho súčasnej úpravy, ktorá vychádza najmä z Dohovoru Organizácie Spojených národov o morskom práve (1982). Inštitucionálne zabezpečenie aplikácie MMP.

Salvato in:
Dettagli Bibliografici
Autore principale: Jankuv, Juraj
Natura: Capitolo di libro
Lingua:slovacco
Soggetti:
Tags: Aggiungi Tag
Nessun Tag, puoi essere il primo ad aggiungerne!!

MARC

LEADER 00000naa a2200000 4500
001 0272559
005 20210312093037.6
041 0 |a slo 
044 |a SK 
245 1 0 |a Kľúčové momenty vývoja a súčasná podoba medzinárodného morského práva  |c Juraj Jankuv 
520 |a Definícia medzinárodného morského práva (MMP). Identifikácia kľúčových momentov vývoja MMP, najpodstatnejšie črty jeho súčasnej úpravy, ktorá vychádza najmä z Dohovoru Organizácie Spojených národov o morskom práve (1982). Inštitucionálne zabezpečenie aplikácie MMP. 
610 2 0 |a more 
610 2 0 |a právo 
610 2 0 |a vývoj 
610 2 0 |a právo medzinárodné 
610 2 0 |a Organizácia spojených národov 
100 1 |a Jankuv, Juraj